000 01036nam a22002417a 4500
005 20260323162507.0
010 _aB-774795-806 (1-12) ENG-148136 B-777451-461(13-23) 20BACCHEN25/
020 _c499.00
_a9789357313544
035 _aB-774795-806 (1-12)
035 _aEN-131668
035 _a B-777451-461 (13-23)
037 _bAakar Books
037 _bDBAD
082 _21
_a954.16
100 _aBerry, Nita
_988750
245 _aOnce Upon a Time in Delhi:
_bDiscovering the Secrets of Its Many Cities/
_cby Nita Berry
250 _a1
260 _c2024
_aGurugram
_bHachette Book Publishing Pvt Ltd
270 _a4th & 5th Floors, Corporate Centre, Plot No. 94, Sector 44
_bGurugram
_e122003
300 _a220p.
_c23cm.(pb)
942 _2ddc
_cCH
_e1
_h954.16
_mBER
999 _c209702
_d209702